| 000 | 00384nam a22001577a 4500 | ||
|---|---|---|---|
| 005 | 20170925150241.0 | ||
| 008 | 170925b xxu||||| |||| 00| 0 eng d | ||
| 020 | _a978-81-203-3647-6 | ||
| 041 | _aeng | ||
| 082 | _a621.31 | ||
| 100 |
_aDeshpande,M.V _93975 |
||
| 245 | _aElements of Electrical Power Station Design | ||
| 260 |
_aNew Delhi _bPHI _c2010 |
||
| 300 | _a438 | ||
| 942 | _cBK | ||
| 999 |
_c5608 _d5606 |
||